Los sitios de memoria como desafío pedagógico : una guía educativa. /
Esta publicación recupera experiencias de capacitación y encuentros con docentes en el recorrido por los sitios de memoria. El libro propone reflexionar sobre las muestras, fotografías, documentos y testimonios que entran en diálogo con las visitas educativos de estudiantes y docentes para asumir el...
Guardado en:
| Autor Corporativo: | |
|---|---|
| Formato: | Libro |
| Idioma: | Undetermined |
| Publicado: |
Buenos Aires :
Ministerio de Educación de la Nación,
2021.
|
| Edición: | 2a ed. |
| Materias: | |
| Acceso en línea: | Clic aquí para acceder al libro en formato digital. |
| Etiquetas: |
Agregar Etiqueta
Sin Etiquetas, Sea el primero en etiquetar este registro!
|
| LEADER | 02351nam a22002175a 4500 | ||
|---|---|---|---|
| 001 | CEM.cems020726 | ||
| 008 | 231204s2021####ag############000#0#und#d | ||
| 005 | 20231207164035.0 | ||
| 245 | 1 | 0 | |a Los sitios de memoria como desafío pedagógico : |b una guía educativa. / |c Ministerio de Educación de la Nación. |
| 250 | |a 2a ed. | ||
| 260 | |a Buenos Aires : |b Ministerio de Educación de la Nación, |c 2021. | ||
| 300 | |a 80 p. | ||
| 505 | 0 | |a Profundizar el encuentro entre escuelas y sitios de memoria -- El compromiso de transmitir memoria -- El Holocausto: una perspectiva para leer el mundo contemporáneo -- El Holocausto como genocidio paradigmático -- La construcción de la memoria del Holocausto en Argentina -- La experiencia de la última dictadura en Argentina -- La última dictadura en Argentina -- Los sitios de la memoria y el terrorismo de Estado en Argentina -- Sitios de memoria: desafíos pedagógicos -- Los lugares de la memoria: un acercamiento desde los aportes de Pierre Nota -- La pedagogía de la memoria -- Dimensiones para reflexionar sobre los sitios de memoria como espacios educativos: la representación; entender y recordar; el pasado en el presente -- La escuela va a los sitios -- Reflexiones sobre la potencia pedagógica de los sitios de memoria -- El antes, el durante y el después en una visita a un sitio de memoria -- Guía de preguntas -- Bibliografía | |
| 520 | |a Esta publicación recupera experiencias de capacitación y encuentros con docentes en el recorrido por los sitios de memoria. El libro propone reflexionar sobre las muestras, fotografías, documentos y testimonios que entran en diálogo con las visitas educativos de estudiantes y docentes para asumir el desafío pedagógico de abordar la enseñanza del pasado reciente, entramando la memoria del Holocausto con la experiencia de la última dictadura en el país. | ||
| 020 | |a 9789500015486 | ||
| 110 | 2 | |a Ministerio de Educación de la Nación. | |
| 653 | |a Guía | ||
| 856 | |u https://www.educ.ar/recursos/158029/los-sitios-de-memoria-como-desafio-pedagogico-una-guia-educa |y Clic aquí para acceder al libro en formato digital. | ||
| 859 | |a CEMS |b BIB. CEMS - 11 de abril |h 364.15 |i Ar37-2 |p 29672.23 |t Ej.1 | ||
| 859 | |a CEMS |b BIB. CEMS - 11 de abril |h 364.15 |i Ar37-2 |p 29673.23 |t Ej.2 | ||
| 859 | |a CEMS |b BIB. CEMS - 11 de abril |h 364.15 |i Ar37-2 |p 29839.23 |t Ej.3 | ||
